书目信息 |
| 题名: |
波动系统的定性分析与数值计算
|
|
| 作者: | 姜晓丽 著 | |
| 分册: | ||
| 出版信息: | 北京 科学出版社 2018 |
|
| 页数: | 176页 | |
| 开本: | 24cm | |
| 丛书名: | ||
| 单 册: | ||
| 中图分类: | O175.27 | |
| 科图分类: | ||
| 主题词: | 波动方程--定性分析 , 波动方程--数值计算 | |
| 电子资源: | ||
| ISBN: | 978-7-03-058352-9 | |
| 000 | 01500nam0 2200277 450 | |
| 001 | 012001001512 | |
| 005 | 20140108131242.0 | |
| 010 | @a978-7-03-058352-9@dCNY99.00 | |
| 100 | @a20181114d2018 em y0chiy50 ea | |
| 101 | 0 | @achi |
| 102 | @aCN@b110000 | |
| 105 | @aa az 000yy | |
| 106 | @ar | |
| 200 | 1 | @a波动系统的定性分析与数值计算@Abo dong xi tong de ding xing fen xi yu shu zhi ji suan@f姜晓丽著 |
| 210 | @a北京@c科学出版社@d2018 | |
| 215 | @a176页@c图@d24cm | |
| 312 | @a封面英文题名:Qualitative analysis and numerical calculation of wave systems | |
| 320 | @a有书目(第165-176页) | |
| 330 | @a本书以复杂波动系统解的判定为背景,围绕初始值,研究如何找出弱解的最佳存在条件,优化适定性的区域和门槛结果,从而形成一个行之有效的判定方案。本书首先综述波动系统的分类、结构、研究背景和经典波动系统问题,进而详细地叙述与本书相关的初边值问题,以及本书用到的弱解理论和数值算法。在此基础上,本书研究了位势井框架下初始条件对波动系统整体适定性的影响,同时基于有限差分法和迭代原理对其中两类波动系统进行了数值算法的探讨。本书的研究内容对于解决物理和工程领域的实际问题,例如,光栅传感器的检测性能和桥梁的坚固度等具有重要的现实意义,同时在理论层面为复杂非线性系统的可解条件和适定性分析提供了可行方案,具有一定的科学价值。 | |
| 510 | 1 | @aQualitative analysis and numerical calculation of wave systems@zeng |
| 606 | 0 | @a波动方程@x定性分析 |
| 606 | 0 | @a波动方程@x数值计算 |
| 690 | @aO175.27@v5 | |
| 701 | 0 | @a姜晓丽@Ajiang xiao li@4著 |
| 801 | 0 | @aCN@b北京卓展@c20191020 |
| 905 | @b1202045-8@dO175.27@e149@f4 | |
| 波动系统的定性分析与数值计算/姜晓丽著.-北京:科学出版社,2018 |
| 176页:图;24cm |
| ISBN 978-7-03-058352-9:CNY99.00 |
| 本书以复杂波动系统解的判定为背景,围绕初始值,研究如何找出弱解的最佳存在条件,优化适定性的区域和门槛结果,从而形成一个行之有效的判定方案。本书首先综述波动系统的分类、结构、研究背景和经典波动系统问题,进而详细地叙述与本书相关的初边值问题,以及本书用到的弱解理论和数值算法。在此基础上,本书研究了位势井框架下初始条件对波动系统整体适定性的影响,同时基于有限差分法和迭代原理对其中两类波动系统进行了数值算法的探讨。本书的研究内容对于解决物理和工程领域的实际问题,例如,光栅传感器的检测性能和桥梁的坚固度等具有重要的现实意义,同时在理论层面为复杂非线性系统的可解条件和适定性分析提供了可行方案,具有一定的科学价值。 |
| ● |
| 相关链接 |
|
|
|
|
正题名:波动系统的定性分析与数值计算
索取号:O175.27/149
 
预约/预借
| 序号 | 登录号 | 条形码 | 馆藏地/架位号 | 状态 | 备注 |
| 1 | 1202045 | 212020454 | 第二样本阅览室/ [索取号:O175.27/149] | 在馆 | |
| 2 | 1202046 | 212020463 | 第三借阅区/ [索取号:O175.27/149] | 在馆 | |
| 3 | 1202047 | 212020472 | 第三借阅区/ [索取号:O175.27/149] | 在馆 | |
| 4 | 1202048 | 212020481 | 第三借阅区/ [索取号:O175.27/149] | 在馆 |